Stuck in the Middle with 'A' Quiz Stats

Quiz Updated Apr 24, 2016

Also try: Word Smuggling V
Challenge
Share
Tweet
Embed
Score 0/25 Timer 06:00
4 Plays Today
% Correct
are
91.4%
air
91.3%
age
91%
ace
89.8%
amp
88.9%
all
88.7%
anti
88.3%
awl
88.1%
ammo
88.1%
and
87.9%
ash
87.7%
asp
86.9%
ape
86.4%
% Correct
angle
86.1%
ache
85.8%
actor
85.2%
ask
85%
axe
83.5%
arse
83.1%
atom
82.9%
art
82%
aunt
78.1%
apt
77.5%
allow
74.8%
able
69.8%

You're not logged in!

Compare scores with friends on all Sporcle quizzes.
Join for Free
OR
Log In

You Might Also Like...

Show Comments

Extras

Top Quizzes Today


Score Distribution

Your Account Isn't Verified!

In order to create a playlist on Sporcle, you need to verify the email address you used during registration. Go to your Sporcle Settings to finish the process.

Report this User

Report this user for behavior that violates our Community Guidelines.

Details: